000 00807nam a2200229Ii 4500
003 JO-AjNU
008 230605s9999||||xx |||||||||||||| ||und||
017 _a2011/7/2597
020 _a978-9957-15-064-8
040 _aJO-AjNU
_bara
_erda
_cJO-AjNU
041 _aara
050 1 4 _aPJ7858 2011
100 3 _aاللحام، رفيق؛ إشراف وتحرير هاني الحوراني,
_eauthor
_950092
245 0 0 _aرحلتي مع الحياة والفن: مذكرات رفيق اللحام
250 _aط1
264 3 1 _aعمان: دار السندباد للنشر والتوزيع، 2011
300 _a256ص
336 _atext
_btxt
_2rdacontent
337 _aunmediated
_bn
_2rdamedia
338 _avolume
_bnc
_2rdacarrier
650 4 _aمذكرات - تراجم - رفيق اللحام
_950093
999 _aA22043
_c25611
_d25611